• 首页
  • 本馆介绍
  • 公告通知
  • 最新文献
  • 馆藏检索
  • 电子资源
  • 读者导购
  • 参考咨询
  • 我的图书馆
  • 登录
  • 详细信息显示
  • 放入我的书架
  • 预约/预借图书
  • 作者相关作品
  • 分类相关作品
  • 丛书相关作品
  • 出版社相关作品

书目信息

  • 表格格式
  • 工作单格式
  • 卡片格式
题名:
哲学大辞典
    
 
作者: 严北溟 编 ;《哲学大辞典》编辑委员会 编
分册:   中国哲学史卷
出版信息: 上海   上海辞书出版社  1985
页数: 821页
开本: 19cm
丛书名:
单 册:
中图分类: B-61
科图分类:
主题词: 哲学--词典
电子资源:
ISBN:
000 00734nam0 2200241 45
001 0185017855
005 20070731160004.53
010    @b精装@dCNY4.85
091    @aCN@b2187.1
100    @a19900921d1985 em y0chiy0121 ea
101 0  @achi
102    @aCN@b310000
105    @ay e 001yy
200 10 @a哲学大辞典@Azhe xue daci dian@i中国哲学史卷@f严北溟编@FYan Bei Ming Bian@g《哲学大辞典》编辑委员会编
210    @a上海@c上海辞书出版社@d1985
215    @a821页@d19cm
606    @a哲学@x词典
690    @aB-61@v3
701  0 @a严北溟@4编
712 02 @a《哲学大辞典》编辑委员会@A《Zhe Xue Da Ci Dian》Bian Ji Wei Yuan Hui@4编
801  2 @aCN@bNLC@c20070731
801  0 @aCN@b深圳图书馆@c20041222
905    @f1@b149771@dB-61@e12:2
    
    哲学大辞典.中国哲学史卷/严北溟编/《哲学大辞典》编辑委员会编.-上海:上海辞书出版社,1985
    821页;19cm
    
    
    ISBN (精装):CNY4.85
    
●
相关链接 在E读中查询图书 在五车中查询图书 在当当中查询图书 在豆瓣中查询图书


正题名:哲学大辞典     索取号:B-61/12:2         预约/预借

序号 登录号 条形码 馆藏地/架位号 状态 备注
1 0149771   001968295   密集书库/ [索取号:B-61/12:2] 在馆    
2 0149772   001464588   密集书库/ [索取号:B-61/12:2] 在馆    
3 0149773   002047760   第一样本阅览室/ [索取号:B-61/12:2] 在馆    
4 0790187   207901877   密集书库/ [索取号:B-61/12:2] 在馆    
唐山师范学院图书馆 欢迎您!
大连网信软件有限公司© 版权所有